00542nam a22001815a 450000500170000000800410001701000140005802000230007203500130009503700150010804000180012308200110014110000170015224500890016926000320025827000440029030000260033420090627121625.0090114s2009 wau 000 0 eng  aENG-94256 a8190243403c495.00 aEN-77789 bDBAD / PUB adplbEnglish  a808.84 aDubey, C.M.  aGracy modern essays, letters, paragraphs, stories & comprehensions /cby C.M. Dubey  aDelhi bMadhur Books c2009 aE-11/5, Krishna Nagar, bDelhi e110051 aiii, 336p.c23cm(Hb)